000 01221nam a22001337a 4500
999 _c533254
_d533254
008 260505b ||||| |||| 00| 0 eng d
100 _a Autwal, Anil and Devi, Kiran
_960376
245 _aSocial sector spending on health and education in Haryana : A decadal review
260 _aEconomic & Political Weekly
300 _a61(16), Apr 18, 2026: p.29-34
520 _aThe economic and social development in Haryana during 2012–13 to 2021–22 is examined, focusing on public expenditure in education and health. Despite a relatively high spending and performance on key social indicators, outcomes remain below those of comparable high-income states. Using expenditure ratios and per capita spending, the article shows that increased allocations have yielded modest improvements in human development. It suggests that structural inefficiencies, governance limitations, and inequitable resource allocation constrain outcomes, underscoring the need to enhance both the efficiency and effectiveness of social sector spending for inclusive development.-Reproduced https://www.epw.in/journal/2026/16/insight/social-sector-spending-health-and-education.html
773 _aEconomic & Political Weekly
942 _cAR